Municípios mais populosos do Brasil em 1872 - Statistics

Estatísticas Gerais
  • Esse quiz foi jogado 36 vezes
    16 desde o último reset
  • A pontuação média é 10 de 20
Estatísticas das Respostas
População Província Município % Correto
116 671 Pernambuco Recife
100%
274 972 Município Neutro Rio de Janeiro
100%
129 109 Bahia São Salvador
100%
61 997 Pará Belém
92%
48 214 Minas Geraes Ouro Preto
85%
51 696 Bahia Feira de Santana
69%
47 548 Rio de Janeiro Nictheroy
69%
88 832 Rio de Janeiro Campos
54%
54 278 Pernambuco Caruaru
46%
55 449 Minas Geraes Sabará
38%
53 005 Minas Geraes Grão Mogol
31%
54 447 Minas Geraes Minas Novas
31%
56 902 Minas Geraes Queluz
31%
58 252 Bahia Santo Amaro
31%
88 181 Bahia Cachoeira
23%
57 231 Minas Geraes Ponte Nova
23%
51 583 Minas Geraes Rio Pardo
23%
48 344 Minas Geraes Santa Bárbara
23%
67 436 Minas Geraes Serro
23%
59 893 Bahia Minas do Rio de Contas
15%
Nenhum quiz correspondente encontrado
Distribuição das Pontuações
Porcentagem de Pessoas com Cada Pontuação
Percentil de Números Respondidos
Sua Pontuação Histórica
Você não jogou esse quiz desde o último reset